| 000 | 00377nam a22001337a 4500 | ||
|---|---|---|---|
| 020 | _a9789351243557 | ||
| 082 |
_a631.56 _bCHA/MA |
||
| 245 | _aManaging Postharvest Quality and Losses in Horticultural Crops, Volume -1, General Issues | ||
| 260 |
_aNew Delhi _bDaya Publishing House _c2015 |
||
| 300 | _a251 | ||
| 700 |
_aChadha,K.L _9794 |
||
| 700 |
_aPal,R.K _9795 |
||
| 942 | _cBK | ||
| 999 |
_c14469 _d14469 |
||